书目信息 |
| 题名: |
民间文学理论译丛
|
|
| 作者: | ;中国民间文艺研究会研究部 编 | |
| 分册: | 第一集 | |
| 出版信息: | 北京 中国民间文艺出版社 1986 |
|
| 页数: | 260页 | |
| 开本: | 20cm | |
| 丛书名: | ||
| 单 册: | ||
| 中图分类: | I057 | |
| 科图分类: | ||
| 主题词: | 文学理论--各体 , 创作方法--各体 | |
| 电子资源: | ||
| ISBN: | ||
| 000 | 00756nam0 2200253 45 | |
| 001 | 0186017454 | |
| 005 | 20040428171757.2 | |
| 010 | @dCNY1.70 | |
| 091 | @a10229.0249 | |
| 100 | @a19900813d1986 kemy0chiy0121 ea | |
| 101 | 0 | @achi |
| 102 | @aCN@b110000 | |
| 105 | @ay zr 000zy | |
| 106 | @ar | |
| 200 | 10 | @a民间文学理论译丛@h第一集@Amin jian wen xue li lun yi cong@h第1集@f中国民间文艺研究会研究部编 |
| 210 | @a北京@c中国民间文艺出版社@d1986 | |
| 215 | @a260页@d20cm | |
| 606 | 0 | @a文学理论@x各体 |
| 606 | 0 | @a创作方法@x各体 |
| 690 | @aI057 | |
| 711 | 02 | @a中国民间文艺研究会研究部@Azhong guo min jian wen yi yan jiu hui yan jiu bu@4编 |
| 801 | 0 | @aCN@b深圳图书馆@c20040428 |
| 801 | 2 | @aCN@bNLC@c20040428 |
| 905 | @f4@b207836-839@dI057@e69:1 | |
| 民间文学理论译丛.第一集.第1集/中国民间文艺研究会研究部编.-北京:中国民间文艺出版社,1986 |
| 260页;20cm |
| ISBN :CNY1.70 |
| ● |
| 相关链接 |
|
|
|
|
正题名:民间文学理论译丛
索取号:I057/69:1
 
预约/预借
| 序号 | 登录号 | 条形码 | 馆藏地/架位号 | 状态 | 备注 |
| 1 | 0207836 | 000907362 | 第二借阅区/ [索取号:I057/69:1] | 在馆 | |
| 2 | 0207837 | 000907308 | 第二借阅区/ [索取号:I057/69:1] | 在馆 | |
| 3 | 0207838 | 000907353 | 第二借阅区/ [索取号:I057/69:1] | 在馆 | |
| 4 | 0207839 | 000907291 | 第二借阅区/ [索取号:I057/69:1] | 在馆 | |
| 5 | 0207840 | 000907344 | 第一样本阅览室/ [索取号:I057/69:1] | 在馆 |